000 00684nam a2200205Ia 4500
003 GCL
008 140319s9999 xx 000 0 ara d
040 _aGCL /
_cGCL
082 0 4 _a889
_bا ن
100 1 _aلويس عوض
245 1 0 _aنداء الارض (رواية) (هدية من الاديب عبدالفتاح الجمل) /
_cلويس عوض
700 1 _aنعيم عطية
700 1 _aافيروف، ايفانجيلوس
300 _a358 ص
490 _aالابداع العالمى
_v0
650 0 4 _aالقصص اليونانية
650 0 4 _aالادب اليونانى المترجم
650 0 4 _aالادب العالمى المترجم
942 _2ddc
_cBK
999 _c39818
_d39818